000 00846nam a2200253Ia 4500
003 OSt
005 20220923211222.0
006 a|||||r|||| 00| 0
007 ta
008 Pun
020 _a9788130201429 (hbk)
_c300
024 _a271,493
037 _b673, 04/06/2013, H.K. Prakashan
_cTextual
040 _aARTS
_cARTS
_bPun
041 _2Pun
_aPun
082 _aY5927,243, 153Q2
100 _aਰੌਣਕੀ ਰਾਸ
_9159860
245 0 _aਦਲਿਤ ਪਛਾਣ ਮੁਕਤੀ ਅਤੇ Fਕਤੀਕਰਨ
260 _aਪਟਿਆਲਾ਼
_b ਪੰਜਾਬੀ ਯੁਨੀਬਰਸਿਟੀ
_c2012
300 _a372ਪੰ
_ccm.
650 _aਸਮਾਜ Fਾਸਤਰ
_9159861
942 _hY5927,243, 153Q2
_cTEXL
_2CC
999 _c297138
_d297138